Intergovernmental conflict on environmental policy the attitudinal connection (Record no. 7796)

000 -LEADER
fixed length control field 00416pab a2200145 454500
008 - FIXED-LENGTH DATA ELEMENTS--GENERAL INFORMATION
fixed length control field 180718b1987 xxu||||| |||| 00| 0 eng d
100 ## - MAIN ENTRY--PERSONAL NAME
Personal name Gromley, William T. Jr.
245 ## - TITLE STATEMENT
Title Intergovernmental conflict on environmental policy the attitudinal connection
260 ## - PUBLICATION, DISTRIBUTION, ETC.
Date of publication, distribution, etc. 1987
300 ## - PHYSICAL DESCRIPTION
Extent 285-303
362 ## - DATES OF PUBLICATION AND/OR SEQUENTIAL DESIGNATION
Dates of publication and/or sequential designation June
650 ## - SUBJECT ADDED ENTRY--TOPICAL TERM
Topical term or geographic name entry element Environmental Policy - U.S.A.
773 ## - HOST ITEM ENTRY
Main entry heading Western Political Quarterly
909 ## -
-- 7796
Holdings
Withdrawn status Lost status Damaged status Not for loan Permanent Location Current Location Date acquired Serial Enumeration / chronology Barcode Date last seen Price effective from Koha item type
        Indian Institute of Public Administration Indian Institute of Public Administration 2018-07-19 Volume no: 40, Issue no: 2 AR7807 2018-07-19 2018-07-19 Articles

Powered by Koha